15 największych miast krajów nordyckich - Statystyki

Ogólne statystyki
  • Ten quiz został rozwiązany 92 razy
  • Średni wynik to 10 z 15
Statystyki odpowiedzi
Ludność Miasto % Poprawnych
1 064 235 Oslo
100%
1 617 407 Sztokholm
100%
664 028 Helsinki
98%
653 664 Kopenhaga
94%
362 133 Malmö
94%
604 616 Göteborg
85%
212 660 Trondheim
84%
289 330 Bergen
74%
197 900 Turku
66%
290 598 Aarhus
58%
237 369 Stavanger
46%
249 009 Tampere
44%
211 848 Oulu
40%
305 274 Espoo
38%
211 206 Vantaa
11%
Nie znaleziono quizów pasujących do podanych kryteriów
Rozkład punktacji
Procent ludzi z każdym wynikiem
Percentyl według liczby udzielonych odpowiedzi
Twoja historia wyników
Nie rozwiązałeś tego quizu